Gobernabilidad, desarrollo y seguridad en las zonas extremas de Chile
Salvato in:
| Autori principali: | , |
|---|---|
| Natura: | Libro |
| Lingua: | spagnolo |
| Pubblicazione: |
Santiago
Academia Nacional de Estudios Políticos y Estratégicos
2015
|
| Edizione: | 1a. ed |
| Serie: | Colección de Investigaciones, 37
|
| Soggetti: | |
| Tags: |
Aggiungi Tag
Nessun Tag, puoi essere il primo ad aggiungerne!!
|
MARC
| LEADER | 00000cam a2200000 a 4500 | ||
|---|---|---|---|
| 001 | UCC2985 | ||
| 003 | CL-VaPUC | ||
| 008 | 180329e20151100cl |||||||||||||||||spa|d | ||
| 020 | |a 9789568478001 | ||
| 082 | 0 | 4 | |a 320.983 |b COR |2 21 |
| 100 | 0 | |a Correa Vera, Loreto |e author |9 596992 | |
| 700 | 0 | |a Salas Maturana, Alejandro |e author |9 596993 | |
| 245 | 1 | 0 | |a Gobernabilidad, desarrollo y seguridad en las zonas extremas de Chile |
| 250 | |a 1a. ed | ||
| 300 | |a 328 p | ||
| 942 | |c BK | ||
| 945 | |d 20180329 11:34:00 |a arojas | ||
| 260 | |a Santiago |b Academia Nacional de Estudios Políticos y Estratégicos |c 2015 | ||
| 650 | 0 | |a Política y gobierno |9 255151 | |
| 650 | 7 | |a GOBERNABILIDAD |2 CL-VaPUC |9 419743 | |
| 650 | 0 | |a Desarrollo económico y social |9 256320 | |
| 650 | 0 | |a Seguridad |9 354178 | |
| 651 | 7 | |a CHILE |2 CL-VaPUC |9 596994 | |
| 583 | |a last modification |c 20180329 11:34:00 |k Rodrigo Vera | ||
| 490 | 0 | |a Colección de Investigaciones, 37 | |
| 999 | |c 370860 |d 370858 | ||
| 952 | |0 0 |1 0 |3 erb |4 0 |6 320_983000000000000_COR_2015 |7 0 |8 A |9 487548 |a BIBHIS |b BIBHIS |i 5460506 |o 320.983 COR 2015 |p 5460506 |r 2025-01-20 |w 2019-11-24 |y BK |z Catalogado en:20180329 |k HIS | ||